A Practical guide to red hat Linux 8 / (Record no. 3638)
[ view plain ]
| 000 -LEADER | |
|---|---|
| fixed length control field | 00680cam a22002172 4500 |
| 001 - CONTROL NUMBER | |
| control field | 0000012993 |
| 005 - DATE AND TIME OF LATEST TRANSACTION | |
| control field | 20151217145859.0 |
| 008 - FIXED-LENGTH DATA ELEMENTS--GENERAL INFORMATION | |
| fixed length control field | 090518s xx 000 0 eng d |
| 020 ## - INTERNATIONAL STANDARD BOOK NUMBER | |
| International Standard Book Number | 8129700891 : |
| 040 ## - CATALOGING SOURCE | |
| Original cataloging agency | KABU |
| Transcribing agency | KABU |
| 100 1# - MAIN ENTRY--PERSONAL NAME | |
| Personal name | Sobell, Mark G. |
| -- | 0000170053 |
| 245 12 - TITLE STATEMENT | |
| Title | A Practical guide to red hat Linux 8 / |
| Statement of responsibility, etc. | Mark G. Sobell. |
| 250 ## - EDITION STATEMENT | |
| Edition statement | 1st ed. |
| 260 ## - PUBLICATION, DISTRIBUTION, ETC. (IMPRINT) | |
| Place of publication, distribution, etc. | New Delhi : |
| Name of publisher, distributor, etc. | Pearson Education, |
| Date of publication, distribution, etc. | 2003. |
| 300 ## - PHYSICAL DESCRIPTION | |
| Extent | xlvii, 1565 p. + |
| Accompanying material | 2 CD-ROMs. |
| 650 #0 - SUBJECT ADDED ENTRY--TOPICAL TERM | |
| Topical term or geographic name as entry element | Linux (Computer file) |
| -- | 0000148398 |
| 650 #0 - SUBJECT ADDED ENTRY--TOPICAL TERM | |
| Topical term or geographic name as entry element | Operating systems (Computers) |
| -- | 0000146540 |
| 852 1# - LOCATION | |
| -- | p6270 KES |
| 908 ## - PUT COMMAND PARAMETER (RLIN) | |
| Put command parameter | 090518 |
| 950 ## - LOCAL HOLDINGS (RLIN) | |
| -- | 1 |
| Withdrawn status | Lost status | Source of classification or shelving scheme | Not for loan | Home library | Current library | Date acquired | Total Checkouts | Full call number | Barcode | Date last seen | Price effective from | Koha item type |
|---|---|---|---|---|---|---|---|---|---|---|---|---|
| Library of Congress Classification | Kabarak, Main Campus | Kabarak, Main Campus | 17/12/2015 | QA76.76 .O63S63 2003 c. 1 | 17592 | 17/12/2015 | 17/12/2015 | General Collection |